01444cam a2200181 4500001000500000005001700005008003900022010001700061020001800078100002600096245003900122260002900161300002700190520094100217650002401158650002501182650005501207608520181127180840.0070828s2008 nyu 000 1 eng a 2007035721 a97803409358421 aPicoult, Jodi,d1966-10aChange of heart /bcJodi Picoult. aLondon :bHodder,c2008. aviii, 461 p. ;c25 cm. aOne moment June Nealon was happily looking forward to years full of laughter and adventure with her family, and the next, she was staring into a future that was as empty as her heart. Now her life is a waiting game. Waiting for time to heal her wounds, waiting for justice. In short, waiting for a miracle to happen. For Shay Bourne, life holds no more surprises. The world has given him nothing, and he has nothing to offer the world. In a heartbeat, though, something happens that changes everything for him. Now, he has one last chance for salvation, and it lies with June's eleven-year-old daughter, Claire. But between Shay and Claire stretches an ocean of bitter regrets, past crimes, and the rage of a mother who has lost her child. Would you give up your vengeance against someone you hate if it meant saving someone you love? Would you want your dreams to come true if it meant granting your enemy's dying wish? 0aMurderersvFiction. 0aRepentancevFiction. 0aTransplantation of organs, tissues, etc.vFiction.